[Event "Open "A""]
[Site "Schwarzach"]
[Date "1998.08.26"]
[Round "5.17"]
[White "Sofrigin, Alexej"]
[Black "Donegani, Peter"]
[Result "1-0"]
[WhiteElo "2320"]
[BlackElo "2115"]
[PlyCount "73"]
[EventDate "1998.08.30"]

1. e4 d5 2. exd5 Qxd5 3. Nc3 Qa5 4. d4 Nf6 5. Bc4 Bg4 6. Nge2 Nc6 7. f3 Bf5 8.
Bd2 Qb4 9. b3 Qd6 10. Bf4 Qd7 11. Nb5 Rc8 12. a3 a6 13. Nbc3 e6 14. b4 a5 15.
b5 Ne7 16. O-O Ned5 17. Bd2 Ra8 18. Ng3 Bg6 19. Nce4 Nb6 20. Bd3 Qxd4+ 21. Kh1
Be7 22. Qe1 a4 23. Bc3 Qd8 24. Rd1 Nbd7 25. f4 O-O 26. Nxf6+ Bxf6 27. Bxf6 gxf6
28. f5 exf5 29. Bxf5 Re8 30. Rxd7 Qxd7 31. Bxd7 Rxe1 32. Rxe1 Bxc2 33. Nh5 f5
34. Kg1 Bd3 35. Rc1 Be2 36. Nf4 Rd8 37. Rxc7 1-0

[Event "Open "A""]
[Site "Schwarzach"]
[Date "1998.08.26"]
[Round "5.20"]
[White "Wieser, Rupert"]
[Black "Bernasek, Jan"]
[Result "1/2-1/2"]
[WhiteElo "2135"]
[BlackElo "2170"]
[PlyCount "33"]
[EventDate "1998.08.30"]

1. e4 c5 2. Nf3 e6 3. d4 cxd4 4. Nxd4 a6 5. Bd3 Nc6 6. Nxc6 bxc6 7. O-O d5 8.
Qe2 Nf6 9. e5 Nd7 10. c3 a5 11. Nd2 Nc5 12. Bc2 Ba6 13. c4 dxc4 14. Nxc4 Qd4
15. Bb3 a4 16. Rd1 Qh4 17. g3 1/2-1/2

[Event "Open "A""]
[Site "Schwarzach"]
[Date "1998.08.27"]
[Round "6.1"]
[White "Beim, Valeri"]
[Black "Zoler, Dan"]
[Result "1/2-1/2"]
[WhiteElo "2565"]
[BlackElo "2500"]
[PlyCount "35"]
[EventDate "1998.08.30"]

1. c4 Nf6 2. Nc3 g6 3. Nf3 Bg7 4. d4 O-O 5. Bg5 d6 6. e3 Bf5 7. h3 a6 8. Be2
Ne4 9. Nxe4 Bxe4 10. O-O h6 11. Bh4 c5 12. Nd2 Bf5 13. e4 Bc8 14. dxc5 dxc5 15.
Nb3 Qc7 16. Bg3 Qc6 17. e5 Be6 18. Qd2 1/2-1/2

[Event "Open "A""]
[Site "Schwarzach"]
[Date "1998.08.27"]
[Round "6.2"]
[White "Balinov, Ilia"]
[Black "Epishin, Vladimir"]
[Result "0-1"]
[WhiteElo "2450"]
[BlackElo "2585"]
[PlyCount "106"]
[EventDate "1998.08.30"]

1. e4 c6 2. d4 d5 3. e5 Bf5 4. Nf3 e6 5. Be2 Ne7 6. Nh4 Bg6 7. c3 c5 8. Nxg6
hxg6 9. Nd2 Nf5 10. Nf3 Nc6 11. g4 Nh4 12. Nxh4 Qxh4 13. Be3 cxd4 14. cxd4 Rc8
15. h3 Be7 16. Rc1 Bg5 17. Qd2 Bxe3 18. Qxe3 Kd7 19. Bb5 Rc7 20. Qa3 Qe7 21.
Qxe7+ Kxe7 22. Kd2 f5 23. exf6+ gxf6 24. Bxc6 bxc6 25. h4 Kd6 26. Rh3 Rb7 27.
b3 Rb4 28. Ke3 e5 29. dxe5+ fxe5 30. Rg1 a5 31. h5 a4 32. Ke2 e4 33. g5 axb3
34. axb3 gxh5 35. g6 Rb7 36. g7 Rg8 37. Rg6+ Kc5 38. Rc3+ Kd4 39. Rcxc6 Rgxg7
40. Rxg7 Rxg7 41. b4 Ra7 42. Rh6 Ra2+ 43. Kf1 Kd3 44. Rxh5 d4 45. Ra5 Rb2 46.
b5 e3 47. fxe3 Kxe3 48. Ra8 Rxb5 49. Re8+ Kd2 50. Re2+ Kc3 51. Ra2 Rb1+ 52. Ke2
d3+ 53. Ke3 Re1+ 0-1

[Event "Open "A""]
[Site "Schwarzach"]
[Date "1998.08.27"]
[Round "6.3"]
[White "Polak, Thomas"]
[Black "Piven, Igor"]
[Result "1/2-1/2"]
[WhiteElo "2525"]
[BlackElo "2380"]
[PlyCount "107"]
[EventDate "1998.08.30"]

1. d4 Nf6 2. c4 g6 3. Nc3 Bg7 4. e4 O-O 5. Nf3 d6 6. Be2 c5 7. O-O cxd4 8. Nxd4
Nc6 9. Be3 Nxd4 10. Bxd4 Nd7 11. Bxg7 Kxg7 12. Qd4+ f6 13. Rad1 b6 14. f4 Bb7
15. Bg4 Nc5 16. b4 Na6 17. a3 Nc7 18. Rfe1 h5 19. Bh3 Bc8 20. Re3 Ne6 21. Qd5
Nc7 22. Qd3 Bxh3 23. Rxh3 Qe8 24. Rg3 Qf7 25. h4 Rg8 26. Rf1 Rac8 27. f5 Kf8
28. e5 dxe5 29. fxg6 Qe6 30. Ne4 Kg7 31. Qf3 Rh8 32. c5 Nd5 33. Kh2 Rh6 34. Rd1
Nf4 35. Nd6 Rf8 36. Nb5 Rxg6 37. c6 Rc8 38. Nxa7 Rc7 39. Nb5 Rxc6 40. Nd4 exd4
41. Qxf4 Qd6 42. Rxg6+ Kxg6 43. Rxd4 Qxf4+ 44. Rxf4 e5 45. Rf1 Rc3 46. Rd1 Rxa3
47. Rd6 b5 48. Rb6 Kf5 49. Rxb5 Rb3 50. Rb8 e4 51. g3 Kg4 52. Rg8+ Kf5 53. Rb8
Kg4 54. Rg8+ 1/2-1/2

[Event "Open "A""]
[Site "Schwarzach"]
[Date "1998.08.27"]
[Round "6.4"]
[White "Blatny, Pavel"]
[Black "Brumen, Dinko"]
[Result "1-0"]
[WhiteElo "2520"]
[BlackElo "2355"]
[PlyCount "57"]
[EventDate "1998.08.30"]

1. Nf3 Nf6 2. b3 d5 3. Bb2 e6 4. g3 Be7 5. Bg2 O-O 6. c4 b6 7. O-O Bb7 8. e3 c5
9. Nc3 dxc4 10. bxc4 Nc6 11. Ne1 Rc8 12. Qe2 Rc7 13. Rd1 Qa8 14. f4 Rd8 15. g4
Na5 16. f5 Ne4 17. Nxe4 Bxe4 18. f6 Bf8 19. fxg7 Bxg7 20. Bxg7 Kxg7 21. g5 Bxg2
22. Nxg2 Qe4 23. d3 Qe5 24. Qh5 Kf8 25. Rf6 Rdd7 26. Rdf1 Nc6 27. Qxh7 Qxg5 28.
Rxe6 Re7 29. Rg6 1-0

[Event "Open "A""]
[Site "Schwarzach"]
[Date "1998.08.27"]
[Round "6.6"]
[White "Burmakin, Vladimir"]
[Black "Jelen, Igor"]
[Result "1-0"]
[WhiteElo "2560"]
[BlackElo "2345"]
[PlyCount "49"]
[EventDate "1998.08.30"]

1. d4 Nf6 2. Nf3 g6 3. Bf4 Bg7 4. e3 O-O 5. Be2 d6 6. O-O Nc6 7. h3 Nd7 8. Nc3
e5 9. Bg5 f6 10. Bh4 g5 11. Bg3 f5 12. dxe5 Ndxe5 13. Bxe5 Nxe5 14. Nxe5 Bxe5
15. f4 gxf4 16. exf4 Bg7 17. Qd5+ Kh8 18. Rad1 c6 19. Qxd6 Qb6+ 20. Kh2 Qxb2
21. Rf3 Re8 22. Rb1 Qxc2 23. Bd1 Qxc3 24. Rxc3 Bxc3 25. Bh5 1-0

[Event "Open "A""]
[Site "Schwarzach"]
[Date "1998.08.27"]
[Round "6.7"]
[White "Hecht, Hans-Joachim"]
[Black "Stanec, Nikolaus"]
[Result "1/2-1/2"]
[WhiteElo "2405"]
[BlackElo "2495"]
[PlyCount "70"]
[EventDate "1998.08.30"]

1. d4 Nf6 2. c4 e6 3. Nf3 b6 4. a3 Bb7 5. Nc3 g6 6. d5 exd5 7. cxd5 Bg7 8. e4
O-O 9. Bd3 c6 10. d6 c5 11. O-O Nc6 12. h3 Nd4 13. Re1 Nh5 14. Bc4 Qf6 15. Nxd4
Qxd4 16. Bd5 Qxd1 17. Rxd1 Bxd5 18. Nxd5 f5 19. exf5 gxf5 20. g4 fxg4 21. hxg4
Nf6 22. Ne7+ Kh8 23. f3 Ne8 24. f4 Bd4+ 25. Rxd4 cxd4 26. f5 Nxd6 27. Bf4 Nf7
28. Rd1 Rae8 29. f6 Rg8 30. Nxg8 Rxg8 31. Kf2 Rxg4 32. Rxd4 h5 33. Kf3 d6 34.
Rd5 Rh4 35. Bxd6 Kh7 1/2-1/2

[Event "Open "A""]
[Site "Schwarzach"]
[Date "1998.08.27"]
[Round "6.8"]
[White "Lazovic, Gordan"]
[Black "Voigt, Ulrich"]
[Result "1/2-1/2"]
[WhiteElo "2315"]
[BlackElo "2280"]
[PlyCount "127"]
[EventDate "1998.08.30"]

1. e4 d6 2. d4 Nf6 3. Nc3 g6 4. f4 Bg7 5. Nf3 c5 6. Bb5+ Bd7 7. e5 Ng4 8. Bxd7+
Qxd7 9. d5 Na6 10. h3 Nh6 11. Be3 Nf5 12. Bf2 h5 13. Qe2 Nc7 14. O-O-O h4 15.
Kb1 O-O-O 16. Ng5 Qe8 17. Rhe1 f6 18. exd6 exd6 19. Qg4 fxg5 20. Rxe8 Rdxe8 21.
Qxg5 Bxc3 22. bxc3 Rhg8 23. Bxh4 Ne3 24. Rd3 Re4 25. g4 Nb5 26. f5 Nc4 27. fxg6
Rge8 28. Qf5+ Kc7 29. Qxe4 Rxe4 30. g7 Re8 31. Kc1 Ne5 32. Re3 Na3 33. Re2 Nac4
34. Bf6 Kd7 35. h4 Nb6 36. c4 Rg8 37. h5 Nxg4 38. Re7+ Kc8 39. Bg5 Nxc4 40. h6
Nxh6 41. Bxh6 Ne5 42. Bf4 Ng6 43. Rf7 Rxg7 44. Rxg7 Nxf4 45. Rg5 Ne2+ 46. Kd2
Nd4 47. Rg7 a6 48. Kd3 Nb5 49. a4 Nc7 50. Rg8+ Kd7 51. Ke4 b5 52. a5 b4 53.
Rg7+ Kc8 54. Rg5 Nb5 55. Rg8+ Kc7 56. Rg7+ Kc8 57. Kd3 Kb8 58. Kc4 Na3+ 59. Kd3
Nb5 60. Rh7 Kc8 61. Rh3 Kc7 62. Ke4 Kb7 63. Rh7+ Kc8 64. Rh8+ 1/2-1/2

[Event "Open "A""]
[Site "Schwarzach"]
[Date "1998.08.27"]
[Round "6.10"]
[White "Kniest, Oliver"]
[Black "Soln, Primoz"]
[Result "0-1"]
[WhiteElo "2300"]
[BlackElo "2470"]
[PlyCount "52"]
[EventDate "1998.08.30"]

1. d4 d6 2. e4 Nf6 3. f3 g6 4. c4 Bg7 5. Nc3 a6 6. Nge2 Nbd7 7. Bg5 O-O 8. Qd2
c6 9. Ng3 b5 10. Bd3 Qb6 11. Be3 c5 12. Qf2 Ng4 13. fxg4 cxd4 14. Bd2 dxc3 15.
Bxc3 Bxc3+ 16. bxc3 Qxf2+ 17. Kxf2 Ne5 18. Be2 bxc4 19. h3 Bd7 20. Rhb1 Rfb8
21. Nf1 Rb5 22. Ne3 Rab8 23. Rd1 Rb2 24. Kf1 Be6 25. a4 R8b3 26. Rdc1 Nd3 0-1

[Event "Open "A""]
[Site "Schwarzach"]
[Date "1998.08.27"]
[Round "6.11"]
[White "Hlavnicka, Jiri"]
[Black "Hresc, Vladimir"]
[Result "1/2-1/2"]
[WhiteElo "2215"]
[BlackElo "2425"]
[PlyCount "109"]
[EventDate "1998.08.30"]

1. e4 c5 2. Nf3 Nc6 3. d4 cxd4 4. Nxd4 g6 5. c4 Bg7 6. Be3 Nf6 7. Nc3 O-O 8.
Be2 d6 9. O-O Bd7 10. Qd2 a6 11. f3 Rb8 12. Nxc6 Bxc6 13. Nd5 b5 14. Bd4 Bxd5
15. cxd5 Nd7 16. Rac1 Bxd4+ 17. Qxd4 Qa5 18. Qa7 Rfd8 19. Qd4 Rdc8 20. a3 Qb6
21. Qxb6 Nxb6 22. b4 Kg7 23. Kf2 f5 24. Ke3 Kf6 25. f4 fxe4 26. Kxe4 h5 27. g3
e6 28. dxe6 Re8 29. f5 d5+ 30. Kd4 gxf5 31. Bxh5 Rxe6 32. g4 Re4+ 33. Kd3 f4
34. Rfe1 Rc4 35. h4 Rd8 36. g5+ Kf5 37. Bf7 Re4 38. g6 Nc4 39. Rg1 Ne5+ 40. Kc2
Nxf7 41. gxf7 Rf8 42. Rg5+ Ke6 43. Kd3 Re3+ 44. Kd4 Re4+ 45. Kd3 Re3+ 46. Kd4
Rxa3 47. Rxd5 Kxf7 48. Rf5+ Kg8 49. Rg1+ Rg3 50. Rxg3+ fxg3 51. Rxf8+ Kxf8 52.
Ke3 Kg7 53. Kf3 a5 54. bxa5 b4 55. a6 1/2-1/2

[Event "Open "A""]
[Site "Schwarzach"]
[Date "1998.08.27"]
[Round "6.12"]
[White "Neckar, Lubomir"]
[Black "Scholz, Franz-Peter"]
[Result "1-0"]
[WhiteElo "2345"]
[BlackElo "2200"]
[PlyCount "91"]
[EventDate "1998.08.30"]

1. Nf3 Nf6 2. c4 g6 3. g3 Bg7 4. Bg2 O-O 5. d4 d6 6. Nc3 c6 7. O-O Nbd7 8. e4
e5 9. h3 Re8 10. Re1 Qc7 11. Be3 b6 12. Rc1 Bb7 13. b4 Rad8 14. Qb3 Qb8 15. d5
c5 16. a3 Rf8 17. Nd2 Nh5 18. Qd1 h6 19. Kh2 Kh7 20. f4 exf4 21. gxf4 Rde8 22.
Bf3 Nhf6 23. Nf1 Ba6 24. Qd3 Qc7 25. Nb5 Bxb5 26. cxb5 Qb8 27. Nd2 Kh8 28. Nc4
Nh7 29. Rg1 Re7 30. Bd2 Rfe8 31. Kh1 Bf6 32. Rce1 Bd4 33. Rg2 Bg7 34. Rge2 Bd4
35. bxc5 bxc5 36. Na5 f5 37. Nc6 fxe4 38. Bxe4 Qc8 39. Nxe7 Rxe7 40. Bxg6 Rxe2
41. Rxe2 Nhf6 42. Bc3 Nb6 43. Bf7 Bxc3 44. Qxc3 Qf5 45. Qg3 Kh7 46. Bg6+ 1-0

[Event "Open "A""]
[Site "Schwarzach"]
[Date "1998.08.27"]
[Round "6.13"]
[White "Hengl, Christian"]
[Black "Sofrigin, Alexej"]
[Result "1-0"]
[WhiteElo "2180"]
[BlackElo "2320"]
[PlyCount "79"]
[EventDate "1998.08.30"]

1. e4 c5 2. Nc3 Nc6 3. g3 g6 4. Bg2 Bg7 5. d3 d6 6. Nge2 e6 7. Be3 Nd4 8. Qd2
Rb8 9. O-O Ne7 10. Nd1 O-O 11. Nxd4 cxd4 12. Bh6 Bxh6 13. Qxh6 d5 14. Qd2 dxe4
15. dxe4 e5 16. f4 f6 17. Nf2 Nc6 18. Nd3 Be6 19. Rf2 Qe7 20. Raf1 Kg7 21. a3
b6 22. f5 Bd7 23. g4 g5 24. Bf3 Rfc8 25. h4 h6 26. Be2 Na5 27. Nb4 Nc4 28. Bxc4
Rxc4 29. hxg5 hxg5 30. Qxg5+ fxg5 31. f6+ Qxf6 32. Rxf6 Be8 33. R6f5 Bg6 34.
Rxe5 Re8 35. Rxe8 Bxe8 36. Rf2 Bg6 37. Re2 Kf6 38. Kf2 Rc8 39. Kg3 Ke6 40. Nd3
1-0

[Event "Open "A""]
[Site "Schwarzach"]
[Date "1998.08.27"]
[Round "6.14"]
[White "Peschel, Andreas"]
[Black "Altukhov, Sergei"]
[Result "0-1"]
[WhiteElo "2175"]
[BlackElo "2305"]
[PlyCount "54"]
[EventDate "1998.08.30"]

1. c4 c5 2. Nf3 b6 3. Nc3 Bb7 4. g3 Bxf3 5. exf3 Nc6 6. Bg2 g6 7. O-O Bg7 8. a3
Nh6 9. f4 Rc8 10. Qa4 Nf5 11. b4 Nfd4 12. Rb1 O-O 13. Bb2 d6 14. Nb5 Ne2+ 15.
Kh1 Bxb2 16. Rxb2 cxb4 17. Bxc6 Rxc6 18. Re1 Rxc4 19. Qxa7 Qe8 20. Kg2 Qc6+ 21.
f3 Ra8 22. Qxe7 Re8 23. Qxd6 Qxb5 24. d3 Rc6 25. Qxb4 Qxb4 26. Rxb4 Nxf4+ 27.
Kf1 Rxe1+ 0-1

[Event "Open "A""]
[Site "Schwarzach"]
[Date "1998.08.27"]
[Round "6.17"]
[White "Stockmann, Rainer"]
[Black "Kapferer, Romed"]
[Result "0-1"]
[WhiteElo "2240"]
[BlackElo "2080"]
[PlyCount "84"]
[EventDate "1998.08.30"]

1. e4 c6 2. Nc3 d5 3. Nf3 Bg4 4. h3 Bxf3 5. Qxf3 Nf6 6. d3 e6 7. a3 d4 8. Nd1
Na6 9. Be2 e5 10. O-O Qc7 11. Qf5 Nc5 12. f4 Ncd7 13. fxe5 Qxe5 14. c4 Bd6 15.
Bf4 Qxf5 16. exf5 Bxf4 17. Rxf4 c5 18. g4 h6 19. Bf3 O-O-O 20. Nf2 Rhe8 21. Ne4
Nxe4 22. Bxe4 Nf6 23. Bg2 Rd6 24. b4 b6 25. Rf2 Re3 26. Rd2 Nd7 27. Rb1 Ne5 28.
bxc5 bxc5 29. Rb7 Rd7 30. Rdb2 Rxb7 31. Rxb7 Rxd3 32. Rxa7 Re3 33. Ra5 Nd7 34.
Bd5 d3 35. Kf2 d2 36. Kxe3 d1=Q 37. Ra8+ Kc7 38. Bxf7 Qd4+ 39. Kf3 Ne5+ 40. Ke2
Qe4+ 41. Kf2 Qxa8 42. Bd5 Qxa3 0-1

[Event "Open "A""]
[Site "Schwarzach"]
[Date "1998.08.27"]
[Round "6.18"]
[White "Kjeld, Matthias"]
[Black "Vettel, Matthias"]
[Result "1-0"]
[WhiteElo "2110"]
[BlackElo "2225"]
[PlyCount "79"]
[EventDate "1998.08.30"]

1. e4 c5 2. Nf3 e6 3. d4 cxd4 4. Nxd4 a6 5. Be3 Nf6 6. Bd3 Qb6 7. Nb3 Qc7 8.
O-O Nc6 9. Nc3 b5 10. f4 d6 11. Kh1 Bb7 12. Qe2 Be7 13. a4 b4 14. Nb1 e5 15.
N1d2 exf4 16. Bxf4 Ne5 17. Nd4 g6 18. Bh6 Nfg4 19. Bg7 Rg8 20. Bxe5 Nxe5 21.
Nc4 Rc8 22. b3 Qc5 23. Nf3 Rc6 24. Ncxe5 dxe5 25. Bc4 Rd6 26. Nxe5 Qxe5 27.
Bxf7+ Kf8 28. Qc4 Rg7 29. Bd5+ Bf6 30. Bxb7 Qxa1 31. Rxa1 Bxa1 32. Qc8+ Ke7 33.
Bd5 Be5 34. Qb7+ Kf6 35. Qxb4 Kg5 36. g3 h5 37. Qd2+ Kf6 38. c4 g5 39. Qf2+ Ke7
40. Qf5 1-0

[Event "Open "A""]
[Site "Schwarzach"]
[Date "1998.08.28"]
[Round "7.2"]
[White "Beim, Valeri"]
[Black "Loeffler, Markus"]
[Result "1-0"]
[WhiteElo "2565"]
[BlackElo "2365"]
[PlyCount "75"]
[EventDate "1998.08.30"]

1. Nf3 Nf6 2. d4 g6 3. Bg5 Ne4 4. Bh4 Bg7 5. Nbd2 f5 6. e3 O-O 7. Be2 b6 8.
Nxe4 fxe4 9. Nd2 Bb7 10. O-O Qe8 11. c4 c5 12. dxc5 bxc5 13. Qc2 Nc6 14. a3 d6
15. Nxe4 Rb8 16. Rab1 Ba8 17. Bg4 Nd8 18. f4 Rxb2 19. Rxb2 Bxb2 20. Qxb2 Bxe4
21. Qb8 Nf7 22. Qxa7 Qa8 23. Qxa8 Rxa8 24. Ra1 Ra4 25. Bxe7 Rxc4 26. Ra2 Rc1+
27. Kf2 c4 28. Bf3 Bb1 29. Ra1 c3 30. Bf6 Ne5 31. fxe5 c2 32. e6 Rf1+ 33. Kxf1
c1=Q+ 34. Kf2 Qd2+ 35. Kg3 Ba2 36. Rxa2 Qxa2 37. e7 Qe6 38. Bd5 1-0

[Event "Open "A""]
[Site "Schwarzach"]
[Date "1998.08.28"]
[Round "7.3"]
[White "Zoler, Dan"]
[Black "Polak, Thomas"]
[Result "1-0"]
[WhiteElo "2500"]
[BlackElo "2525"]
[PlyCount "135"]
[EventDate "1998.08.30"]

1. d4 Nf6 2. c4 e6 3. Nf3 b6 4. g3 Ba6 5. Nbd2 Bb7 6. Bg2 c5 7. e4 cxd4 8. Nxd4
d6 9. O-O Nbd7 10. Re1 Qc8 11. a4 Be7 12. a5 bxa5 13. N2b3 Nc5 14. Nxc5 dxc5
15. Nb3 O-O 16. Nxa5 e5 17. Bd2 Rd8 18. Qc2 Rb8 19. Bc3 Bd6 20. Red1 Bc7 21.
Rxd8+ Qxd8 22. Nb3 Bxe4 23. Bxe4 Nxe4 24. Qxe4 Rxb3 25. Rxa7 h5 26. Qc6 Bb8 27.
Rd7 Qf6 28. Qxc5 h4 29. Qd5 Qg6 30. c5 Rb5 31. Qd3 Qxd3 32. Rxd3 Ba7 33. b4
hxg3 34. hxg3 Bxc5 35. bxc5 Rxc5 36. Kg2 Kh7 37. Bd2 Kg6 38. Be3 Rb5 39. Rd6+
f6 40. Rd7 Ra5 41. Kf3 Rb5 42. Ra7 Rb3 43. Ke4 Rb5 44. Rc7 Rb4+ 45. Kd5 Ra4 46.
Bc5 Ra2 47. Ke6 Rc2 48. Bb6 Rb2 49. Be3 Ra2 50. Ra7 Rc2 51. Rb7 Rc8 52. Kd6
Rd8+ 53. Rd7 Ra8 54. Bc5 Ra6+ 55. Kd5 Ra8 56. Ke6 Re8+ 57. Be7 Ra8 58. Rb7 Ra6+
59. Bd6 Ra8 60. Rb4 Ra7 61. Rg4+ Kh7 62. Bf8 Kg8 63. Rxg7+ Rxg7 64. Bxg7 Kxg7
65. Kf5 Kf7 66. g4 e4 67. Kxe4 Kg6 68. Kf4 1-0

[Event "Open "A""]
[Site "Schwarzach"]
[Date "1998.08.28"]
[Round "7.5"]
[White "Stanec, Nikolaus"]
[Black "Quinn, Mark"]
[Result "1/2-1/2"]
[WhiteElo "2495"]
[BlackElo "2350"]
[PlyCount "22"]
[EventDate "1998.08.30"]

1. c4 e6 2. Nc3 b6 3. d4 Bb7 4. a3 f5 5. d5 Nf6 6. g3 Na6 7. Bg2 Bd6 8. Nf3 O-O
9. O-O Nc5 10. Nd4 Be5 11. e3 a5 1/2-1/2

[Event "Open "A""]
[Site "Schwarzach"]
[Date "1998.08.28"]
[Round "7.6"]
[White "Soln, Primoz"]
[Black "Neckar, Lubomir"]
[Result "1/2-1/2"]
[WhiteElo "2470"]
[BlackElo "2345"]
[PlyCount "49"]
[EventDate "1998.08.30"]

1. d4 d5 2. c4 e6 3. Nc3 Be7 4. cxd5 exd5 5. Bf4 c6 6. e3 Bf5 7. g4 Bg6 8. h4
h6 9. Nf3 Nd7 10. Bd3 Bxd3 11. Qxd3 Ngf6 12. Rg1 Qa5 13. Ke2 Ne4 14. Nxe4 dxe4
15. Qxe4 Qb5+ 16. Qd3 Qxb2+ 17. Nd2 Nb6 18. Rgb1 Qa3 19. Qxa3 Bxa3 20. Rb3 Be7
21. Bg3 O-O-O 22. Ne4 h5 23. g5 f5 24. gxf6 gxf6 25. a4 1/2-1/2

[Event "Open "A""]
[Site "Schwarzach"]
[Date "1998.08.28"]
[Round "7.7"]
[White "Klovan, Janis"]
[Black "Lazovic, Gordan"]
[Result "1-0"]
[WhiteElo "2465"]
[BlackElo "2315"]
[PlyCount "169"]
[EventDate "1998.08.30"]

1. e4 e5 2. Nf3 Nc6 3. Bb5 a6 4. Ba4 Nf6 5. O-O Be7 6. Re1 b5 7. Bb3 d6 8. c3
O-O 9. h3 a5 10. d3 a4 11. Bc2 Be6 12. Nbd2 d5 13. Ng5 Bc8 14. d4 h6 15. dxe5
Nxe5 16. exd5 Qxd5 17. Nge4 Ra6 18. Nxf6+ Bxf6 19. Qh5 Be6 20. Ne4 Nd7 21. Qxd5
Bxd5 22. Nxf6+ Nxf6 23. Bf4 c5 24. Re5 Rc6 25. b3 Ra8 26. bxa4 bxa4 27. a3 Bb3
28. Bd3 c4 29. Be2 Rd8 30. Re1 Rcc8 31. Bf3 Rd3 32. R5e3 Nd5 33. Re8+ Rxe8 34.
Rxe8+ Kh7 35. Be4+ g6 36. Bxd3 cxd3 37. Bd2 Nb6 38. Rd8 Bc2 39. Kf1 Nc4 40. Bc1
Kg7 41. Ke1 h5 42. Rd4 Na5 43. Be3 Kf6 44. c4 Nb3 45. Rd6+ Ke5 46. Ra6 Ke4 47.
Rf6 Na5 48. Rxf7 Nxc4 49. Rf4+ Kd5 50. Rd4+ Kc5 51. Rxd3+ Kc6 52. Rd4 Bb3 53.
Bc1 Kc5 54. Rd8 Bc2 55. Bh6 Bf5 56. Bf8+ Kc6 57. Rd4 Kb5 58. Ke2 Bc2 59. Rd5+
Kb6 60. Bb4 Bf5 61. f3 Kb7 62. g4 hxg4 63. hxg4 Bc2 64. Rc5 Bb3 65. Kd3 Nd6 66.
Kd4 Nf7 67. Rc3 Ba2 68. Be7 Bb3 69. g5 Be6 70. f4 Ba2 71. Rc5 Be6 72. Kc3 Kb6
73. Kb4 Bb3 74. Rc3 Bd1 75. Rc8 Bb3 76. Ra8 Kc6 77. Ra6+ Kd7 78. Bc5 Nd8 79.
Rd6+ Ke8 80. Rxg6 Bc2 81. Rf6 Bb3 82. g6 Ne6 83. f5 Ng5 84. Rf8+ Kd7 85. g7 1-0

[Event "Open "A""]
[Site "Schwarzach"]
[Date "1998.08.28"]
[Round "7.10"]
[White "Brumen, Dinko"]
[Black "Staller, Peter"]
[Result "0-1"]
[WhiteElo "2355"]
[BlackElo "2300"]
[PlyCount "84"]
[EventDate "1998.08.30"]

1. e4 c6 2. d4 d6 3. Nc3 Nd7 4. f4 e5 5. Nf3 Qc7 6. Bc4 b5 7. Bb3 exd4 8. Nxd4
Nc5 9. O-O Nxb3 10. axb3 b4 11. Nce2 Nf6 12. e5 Ng4 13. e6 fxe6 14. Ng3 Nf6 15.
Qe2 Kf7 16. Bd2 Qb6 17. Be3 c5 18. Nf3 Bd7 19. Ng5+ Kg8 20. Rfe1 h6 21. N5e4
Nxe4 22. Nxe4 d5 23. Nd2 Bd6 24. Ra6 Qc7 25. Rea1 Kh7 26. g3 Rhf8 27. Qd3+ Kg8
28. Ne4 Be7 29. Nd2 Bc8 30. R6a5 d4 31. Bf2 Bb7 32. Ne4 Qc6 33. Re1 a6 34. Qc4
Rac8 35. Raa1 Kh8 36. Ra5 Rf5 37. Re2 e5 38. c3 dxc3 39. Bxc5 cxb2 40. Rxb2
exf4 41. Bxe7 Rxa5 42. Qxc6 Bxc6 0-1

[Event "Open "A""]
[Site "Schwarzach"]
[Date "1998.08.28"]
[Round "7.11"]
[White "Voigt, Ulrich"]
[Black "Hresc, Vladimir"]
[Result "1/2-1/2"]
[WhiteElo "2280"]
[BlackElo "2425"]
[PlyCount "117"]
[EventDate "1998.08.30"]

1. d4 e6 2. c4 f5 3. g3 Nf6 4. Bg2 d5 5. Nf3 c6 6. O-O Bd6 7. Bf4 O-O 8. e3 Ne4
9. Nbd2 Be7 10. Bxb8 Rxb8 11. Ne5 Bd7 12. f3 Nxd2 13. Qxd2 dxc4 14. f4 Qc7 15.
Rfc1 b5 16. b3 Ba3 17. Rc2 c5 18. dxc5 Rfd8 19. bxc4 Bxc5 20. Kh1 b4 21. Qe2
Ba4 22. Rd2 Rxd2 23. Qxd2 Rd8 24. Qe2 Qd6 25. Rf1 Qd2 26. Qh5 Be8 27. Qh4 Qd6
28. e4 Qe7 29. Qxe7 Bxe7 30. exf5 Rd2 31. fxe6 Rxa2 32. Bd5 a5 33. Rb1 a4 34.
c5 b3 35. Bxb3 axb3 36. Rxb3 Ra8 37. c6 Rc8 38. Nd7 Bg6 39. c7 Bd6 40. Rb8 Rxb8
41. cxb8=Q+ Bxb8 42. Nxb8 Bf5 43. Nd7 Bxe6 44. Ne5 Kf8 45. Kg2 Ke7 46. Kf3 Kf6
47. h4 h6 48. h5 Bb3 49. g4 Ba4 50. Kg3 Bd1 51. Nf3 Ba4 52. g5+ hxg5 53. fxg5+
Kf7 54. Kf4 Bd1 55. Ne5+ Kg8 56. Ng4 Kf7 57. g6+ Kg8 58. Kg5 Bxg4 59. Kxg4
1/2-1/2

[Event "Open "A""]
[Site "Schwarzach"]
[Date "1998.08.28"]
[Round "7.12"]
[White "Jelen, Igor"]
[Black "Kjeld, Matthias"]
[Result "0-1"]
[WhiteElo "2345"]
[BlackElo "2110"]
[PlyCount "46"]
[EventDate "1998.08.30"]

1. d4 Nf6 2. c4 e6 3. Nc3 Bb4 4. Qc2 d5 5. cxd5 exd5 6. Bg5 O-O 7. e3 h6 8. Bh4
Nbd7 9. Nf3 c5 10. Be2 Qa5 11. O-O Bxc3 12. bxc3 c4 13. Nd2 Re8 14. Bf3 Qc7 15.
Rfe1 Qc6 16. e4 dxe4 17. Nxe4 Nd5 18. Nd6 Rxe1+ 19. Rxe1 Qxd6 20. Bxd5 Qxd5 21.
Re8+ Nf8 22. Qc1 Qb5 23. Rd8 b6 0-1

[Event "Open "A""]
[Site "Schwarzach"]
[Date "1998.08.28"]
[Round "7.13"]
[White "Sofrigin, Alexej"]
[Black "Voigt, Roland"]
[Result "1-0"]
[WhiteElo "2320"]
[BlackElo "2095"]
[PlyCount "97"]
[EventDate "1998.08.30"]

1. e4 c5 2. Nf3 d6 3. c3 Nf6 4. Bd3 g6 5. O-O Bg7 6. Bc2 Nc6 7. h3 O-O 8. d4
cxd4 9. cxd4 d5 10. e5 Nd7 11. Nc3 Nb6 12. Nh2 f5 13. f4 Be6 14. b3 Rc8 15. Bb2
Nb4 16. Bb1 Qd7 17. Nf3 Bh6 18. Ne1 Kh8 19. a3 Na6 20. Bd3 Nc7 21. a4 Qe8 22.
a5 Nd7 23. h4 Rg8 24. b4 Nf8 25. b5 Bd7 26. b6 Nb5 27. Nxd5 Qf7 28. Ne3 Nc3 29.
Bxc3 Rxc3 30. bxa7 Ne6 31. Nd5 Rcc8 32. Bc2 Bc6 33. Bb3 g5 34. a8=Q Rxa8 35.
Nc7 Bd7 36. hxg5 Qg6 37. Nxe6 Bxe6 38. Bxe6 Qxe6 39. gxh6 Qd5 40. Qd2 Rg6 41.
Rc1 Rag8 42. Rc5 Qd8 43. d5 b6 44. axb6 Qxb6 45. Qd4 e6 46. dxe6 Qb7 47. Rd5
Rxe6 48. Rd6 Qf7 49. Nf3 1-0

[Event "Open "A""]
[Site "Schwarzach"]
[Date "1998.08.28"]
[Round "7.14"]
[White "Ljubic, Juro"]
[Black "Kapferer, Romed"]
[Result "1-0"]
[WhiteElo "2220"]
[BlackElo "2080"]
[PlyCount "59"]
[EventDate "1998.08.30"]

1. e4 c6 2. d4 d5 3. exd5 cxd5 4. c4 Nf6 5. Nc3 e6 6. Nf3 Bb4 7. cxd5 Nxd5 8.
Qb3 Nc6 9. Bd3 Qb6 10. Bd2 O-O 11. O-O-O Bd7 12. Nxd5 exd5 13. Qxd5 Bxd2+ 14.
Rxd2 Rac8 15. Kb1 Be6 16. Qe4 g6 17. d5 Bf5 18. Qe3 Bxd3+ 19. Rxd3 Qxe3 20.
fxe3 Rcd8 21. Rhd1 Nb4 22. Rb3 Rxd5 23. Rxd5 Nxd5 24. Rxb7 Nxe3 25. Rxa7 Nxg2
26. a4 Re8 27. a5 Re3 28. Ra8+ Kg7 29. a6 Rxf3 30. a7 1-0

[Event "Open "A""]
[Site "Schwarzach"]
[Date "1998.08.28"]
[Round "7.18"]
[White "Scholz, Franz-Peter"]
[Black "Donegani, Peter"]
[Result "1/2-1/2"]
[WhiteElo "2200"]
[BlackElo "2115"]
[PlyCount "25"]
[EventDate "1998.08.30"]

1. c4 Nf6 2. Nf3 g6 3. g3 Bg7 4. Bg2 O-O 5. O-O Nc6 6. d4 d5 7. cxd5 Nxd5 8.
Nc3 Nb6 9. h3 e5 10. dxe5 Nxe5 11. Nxe5 Bxe5 12. Bh6 Re8 13. Qxd8 1/2-1/2

[Event "Open "A""]
[Site "Schwarzach"]
[Date "1998.08.29"]
[Round "8.1"]
[White "Epishin, Vladimir"]
[Black "Beim, Valeri"]
[Result "1/2-1/2"]
[WhiteElo "2585"]
[BlackElo "2565"]
[PlyCount "90"]
[EventDate "1998.08.30"]

1. d4 f5 2. Nf3 Nf6 3. g3 g6 4. Bg2 Bg7 5. O-O O-O 6. c4 d6 7. Nc3 c6 8. Re1
Nh5 9. h3 e5 10. e4 exd4 11. Nxd4 f4 12. g4 Nf6 13. Nce2 Qb6 14. Rf1 Ne8 15. c5
dxc5 16. Nf3 Nc7 17. Nxf4 Ne6 18. Nxe6 Bxe6 19. Ng5 Bc4 20. f4 Na6 21. Qc2 Bd4+
22. Kh1 Qb5 23. Bd2 Bf6 24. a4 Nb4 25. Qc1 Qa6 26. Bxb4 cxb4 27. Nf3 Bxf1 28.
Bxf1 Qb6 29. Kg2 Rad8 30. a5 Qc7 31. e5 Bg7 32. Bc4+ Kh8 33. Qe3 b5 34. axb6
axb6 35. Ng5 Qd7 36. Ne6 Qd2+ 37. Qxd2 Rxd2+ 38. Kf3 Re8 39. Nxg7 Kxg7 40. Ra7+
Kh8 41. Bf7 Red8 42. f5 gxf5 43. gxf5 R8d4 44. f6 R2d3+ 45. Ke2 Rd2+ 1/2-1/2